| 000 | 00533nam a2200157Ia 4500 | ||
|---|---|---|---|
| 003 | SGT | ||
| 020 | _a9789350140826 | ||
| 082 |
_a658 _bBHA |
||
| 100 | _aBhatia,R.C | ||
| 245 | _aFundamentals of Management | ||
| 260 |
_bS.K. Kataria & SONS _aN.Delhi _c2013 |
||
| 300 | _a369p. | ||
| 650 | _aMANAGEMENT | ||
| 653 | _aDEVELOPMENT OF MANAGEMENT THOUGHTS, STAFFING:PERSONNEL MANAGEMENT-MANPOWER PLANNING-INTERVIEW- RECRUITMENT-TRAINING AND PROMOTION, PRODUCTION, PLANNING AND CONTROL MANAGEMENT, FINANCIAL MANAGEMENT | ||
| 942 |
_2ddc _cBK |
||
| 999 |
_c5703 _d5703 |
||